| 000 | 00724nam a2200229 i 4500 | ||
|---|---|---|---|
| 001 | 129801 | ||
| 003 | ES-MaACL | ||
| 005 | 20230906193559.0 | ||
| 007 | t| | ||
| 008 | 070706s1994 fr ||||1| fre d | ||
| 020 | _a2-7005-0171-3 | ||
| 080 | _a(038)=133.1=162.3 | ||
| 100 | 1 |
_aSpilar, Olga. _9107727 |
|
| 245 | 1 | 3 |
_aLe tchèque sans peine / _cpar Olga Spilar ; avec la collaboration de Patrick Orednik. |
| 260 |
_aFrancia : _bAssimil, _c[1994] |
||
| 300 |
_a570 p. : _bil. ; _c19 cm. |
||
| 500 | _aBiblioteca Jacinto Martínez Lacalle. | ||
| 500 | _aIndice. | ||
| 650 | 4 |
_aLengua francesa- _xConversación y frases- _xCheco. _914203 |
|
| 700 | 1 |
_aOurednik, Patrik. _987978 |
|
| 852 |
_aES-MaACL _jE-11833 _bR.139089 |
||
| 999 |
_c129801 _d129801 |
||